El paraíso viviente /
Guardado en:
| Autor Principal: | |
|---|---|
| Formato: | |
| Materias: | |
| Etiquetas: |
Agregar Etiqueta
Sin Etiquetas, Sea el primero en etiquetar este registro!
|
| LEADER | 00971ngm a22002655g 4500 | ||
|---|---|---|---|
| 001 | CEM.cems021967 | ||
| 008 | 130507b1993##################0###0#####d | ||
| 005 | 20240923170832.0 | ||
| 245 | 1 | 0 | |a El paraíso viviente / |c Jamie Ulps. |
| 300 | |a 90'. | ||
| 500 | |a En soporte VHS, consultar en ventanilla. | ||
| 505 | 0 | |a Ecosistema del desierto. Adaptación de la población animal al medio ambiente. Comunidades organizadas. La falta de agua. El juego de la supervivencia. Reproducción de las plantas. Períodos de sequía e inundación. | |
| 538 | |a Soporte: VHS - Norma: Pal N - Color - Grabación DRD 1993 - Hitachi=0000 | ||
| 100 | 1 | |a Ulps, Jamie | |
| 082 | 5 | 9 | |/ ULP |
| 653 | |a ECOLOGIA | ||
| 653 | |a ZOOLOGIA | ||
| 653 | |a DESIERTOS | ||
| 653 | |a BOTANICA | ||
| 653 | |a SUPERVIVENCIA | ||
| 653 | |a PLANTAS | ||
| 653 | |a ANIMALES | ||
| 653 | |a NIVEL PRIMARIO | ||
| 653 | |a NIVEL SECUNDARIO | ||
| 859 | |a CEMS |b BIB. CEMS - Depto. Recursos Didacticos |h 590 |i ULP |k DRD |p 610.12 |t Ej.1 | ||
